[Event "Florianopolis op 10th"]
[Site "Florianopolis"]
[Date "2024.01.21"]
[Round "2"]
[White "Ferreira de Souza, Ricardo"]
[Black "Ferreira, Andrei Dias"]
[Result "0-1"]
[WhiteElo "1329"]
[BlackElo "1977"]
[PlyCount "48"]
[EventDate "2024.01.20"]
[EventType "swiss"]
[EventRounds "10"]
[EventCountry "BRA"]
[SourceTitle "CB05_2024"]
[SourceDate "2024.01.31"]
[SourceVersion "1"]
[SourceVersionDate "2024.01.31"]
[SourceQuality "1"]

1. e4 c5 2. Nf3 e6 3. d4 cxd4 4. Nxd4 Nc6 5. Be3 Qc7 6. Nc3 a6 7. Bd3 Nf6 8. Qd2 b5 9. Nxc6 dxc6 10. Bf4 e5 11. Bg3 h6 12. f4 Nh5 13. f5 Nxg3 14. hxg3 Be7 15. Qe2 Bg5 16. Qh5 Qb6 17. Qe2 0-0 18. Nb1 Rd8 19. c4 bxc4 20. Bxc4 Qb4+ 21. Nc3 Rd2 22. Qf1 Qxb2 23. Bxf7+ Kh8 24. Qc4 Qxa1+ 0-1

[Event "Niteroi op 3rd"]
[Site "Niteroi"]
[Date "2023.09.10"]
[Round "9"]
[White "Simas, Breno Matos"]
[Black "Ferreira, Andrei Dias"]
[Result "0-1"]
[WhiteElo "1756"]
[BlackElo "1962"]
[PlyCount "109"]
[EventDate "2023.09.04"]
[EventType "swiss"]
[EventRounds "9"]
[EventCountry "BRA"]
[SourceTitle "EXT 2024"]
[Source "ChessBase"]
[SourceDate "2023.10.10"]
[SourceVersion "1"]
[SourceVersionDate "2023.10.10"]
[SourceQuality "1"]

1. d4 Nf6 2. c4 e6 3. Nf3 Bb4+ 4. Bd2 Bxd2+ 5. Qxd2 d5 6. Nc3 0-0 7. g3 Qe7 8. Bg2 dxc4 9. 0-0 Rd8 10. e3 c5 11. Qe2 cxd4 12. exd4 Nbd7 13. Qxc4 Nb6 14. Qb3 Bd7 15. Ne5 Be8 16. Rfd1 Rac8 17. a4 Bc6 18. Nxc6 bxc6 19. Rac1 Nbd5 20. Ne4 Nxe4 21. Bxe4 g6 22. Bxd5 Rxd5 23. Rc4 Qd7 24. Qc2 e5 25. Rc1 Rxd4 26. b4 Rb8 27. Rxc6 Rbxb4 28. Rc7 Qd5 29. Qc5 Qxc5 30. R1xc5 Rd2 31. Rxe5 Rbb2 32. Ree7 Rxf2 33. Rxa7 Rg2+ 34. Kf1 Rxh2 35. Kg1 Rhg2+ 36. Kf1 Rbf2+ 37. Ke1 Rh2 38. Ra8+ Kg7 39. Rae8 Ra2 40. Re2 Rhxe2+ 41. Rxe2 Rxa4 42. Kf2 h5 43. Kf3 Kf6 44. Rb2 Kg5 45. Rb7 f5 46. Rb6 h4 47. gxh4+ Rxh4 48. Kg3 Ra4 49. Rb3 Re4 50. Rb6 Re3+ 51. Kf2 f4 52. Ra6 Kf5 53. Ra5+ Ke4 54. Ra6 g5 55. Rg6 0-1

[Event "Niteroi op 3rd"]
[Site "Niteroi"]
[Date "2023.09.05"]
[Round "3"]
[White "Ferreira, Andrei Dias"]
[Black "Da Rocha, Cleber Lemos"]
[Result "1-0"]
[WhiteElo "1962"]
[BlackElo "1694"]
[PlyCount "85"]
[EventDate "2023.09.04"]
[EventType "swiss"]
[EventRounds "9"]
[EventCountry "BRA"]
[SourceTitle "EXT 2024"]
[Source "ChessBase"]
[SourceDate "2023.10.10"]
[SourceVersion "1"]
[SourceVersionDate "2023.10.10"]
[SourceQuality "1"]

1. e4 c5 2. Nf3 e6 3. d4 cxd4 4. Nxd4 a6 5. Nc3 Qc7 6. Bd3 b5 7. a3 Bb7 8. Qe2 d6 9. Bd2 Nf6 10. f4 Nbd7 11. 0-0 Be7 12. Rae1 0-0 13. Kh1 Nc5 14. e5 Nfd7 15. exd6 Bxd6 16. f5 Nxd3 17. Qxd3 e5 18. Nb3 f6 19. Ne4 Be7 20. Na5 Bxe4 21. Qxe4 Rac8 22. Bb4 Bxb4 23. axb4 Qxc2 24. Qd5+ Rf7 25. Nb7 Qc6 26. Qxc6 Rxc6 27. Nd8 Rc4 28. Nxf7 Kxf7 29. Ra1 Rxb4 30. Rxa6 Rxb2 31. Ra7 Rd2 32. Rb7 Rd5 33. Rb1 Ke7 34. R7xb5 Rxb5 35. Rxb5 Kd6 36. Kg1 Kc6 37. Rb3 g6 38. Rh3 gxf5 39. Rxh7 Kd6 40. h4 e4 41. Kf1 Ke6 42. h5 Nf8 43. Rg7 1-0

[Event "Florianopolis op 9th"]
[Site "Florianopolis"]
[Date "2023.01.28"]
[Round "9"]
[White "Ferreira, Andrei Dias"]
[Black "Parijos de Melo, Luiz Claudio"]
[Result "1/2-1/2"]
[WhiteElo "2011"]
[BlackElo "1737"]
[PlyCount "52"]
[EventDate "2023.01.23"]
[EventType "swiss"]
[EventRounds "10"]
[EventCountry "BRA"]
[SourceTitle "CBM 212 Extra"]
[Source "ChessBase"]
[SourceDate "2023.03.31"]
[SourceVersion "1"]
[SourceVersionDate "2023.03.31"]
[SourceQuality "1"]

1. e4 c5 2. Nf3 e6 3. d4 cxd4 4. Nxd4 Nf6 5. Nc3 Nc6 6. Nxc6 bxc6 7. Bd3 Bb4 8. e5 Nd5 9. Qg4 Bf8 10. Nxd5 cxd5 11. 0-0 Qc7 12. f4 Ba6 13. Qe2 Bxd3 14. cxd3 Bc5+ 15. Kh1 Rb8 16. Rb1 0-0 17. b3 d6 18. Bb2 dxe5 19. fxe5 Qa5 20. Rfc1 Rfc8 21. Rc2 Qd8 22. Rbc1 Be7 23. Bd4 Rxc2 24. Rxc2 a5 25. h3 h6 26. Rc6 Bb4 1/2-1/2

[Event "Rio de Janeiro op"]
[Site "Rio de Janeiro"]
[Date "2022.04.24"]
[Round "6"]
[White "Ferreira, Andrei Dias"]
[Black "Cunha, Lucas Aguiar"]
[Result "0-1"]
[WhiteElo "2021"]
[BlackElo "2328"]
[PlyCount "84"]
[EventDate "2022.04.21"]
[EventType "swiss"]
[EventRounds "6"]
[EventCountry "BRA"]
[SourceTitle "EXT 2023"]
[Source "ChessBase"]
[SourceDate "2022.10.05"]
[SourceVersion "1"]
[SourceVersionDate "2022.10.05"]
[SourceQuality "1"]

1. e4 e5 2. Nf3 Nc6 3. Bb5 a6 4. Ba4 Nf6 5. Qe2 b5 6. Bb3 d6 7. c3 Be7 8. 0-0 0-0 9. Rd1 Na5 10. Bc2 c5 11. d4 Qc7 12. h3 Re8 13. d5 Bd7 14. b3 c4 15. b4 Nb7 16. a4 bxa4 17. Bxa4 a5 18. Bxd7 Nxd7 19. Na3 Rec8 20. Be3 g6 21. Nd2 axb4 22. Nb5 Qd8 23. Na7 bxc3 24. Nxc8 Rxc8 25. Nxc4 Nbc5 26. f3 f5 27. Bxc5 Rxc5 28. Rdc1 Qc7 29. Rxc3 Nf6 30. Rac1 Nh5 31. Qa2 Bg5 32. Qa8+ Kg7 33. Rb1 Rxc4 34. Rxc4 Be3+ 35. Kh2 Bf4+ 36. Kg1 Qxc4 37. h4 Qd4+ 38. Kh1 Ng3+ 39. Kh2 Nxe4+ 40. Kh1 Nf2+ 41. Kg1 Nh3+ 42. Kh1 Qg1+ 0-1

[Event "Rio de Janeiro op"]
[Site "Rio de Janeiro"]
[Date "2022.04.23"]
[Round "5"]
[White "Rabello, Gabriel Urubatan Fr"]
[Black "Ferreira, Andrei Dias"]
[Result "0-1"]
[WhiteElo "1744"]
[BlackElo "2021"]
[PlyCount "100"]
[EventDate "2022.04.21"]
[EventType "swiss"]
[EventRounds "6"]
[EventCountry "BRA"]
[SourceTitle "EXT 2023"]
[Source "ChessBase"]
[SourceDate "2022.10.05"]
[SourceVersion "1"]
[SourceVersionDate "2022.10.05"]
[SourceQuality "1"]

1. e4 c5 2. Nf3 e6 3. c3 d5 4. exd5 Qxd5 5. d4 Nf6 6. Be2 Nc6 7. Be3 cxd4 8. Bxd4 Nxd4 9. Qxd4 Bc5 10. Bb5+ Ke7 11. Qxd5 Nxd5 12. Nbd2 a6 13. Bf1 Nf6 14. g3 b5 15. Bg2 Bb7 16. 0-0 Rhd8 17. Nb3 Bb6 18. Rad1 Bd5 19. Ne5 Rac8 20. Rfe1 a5 21. Bxd5 Rxd5 22. Kg2 a4 23. Nd2 Bxf2 24. Kxf2 Rxe5 25. h3 Rxe1 26. Rxe1 Nd5 27. a3 Rd8 28. Nf3 Nb6 29. Re5 Rd5 30. Rxd5 Nxd5 31. Nd4 Nc7 32. Ke3 Kd6 33. Kd3 Kd5 34. b4 g6 35. Nxb5 Nxb5 36. c4+ Kc6 37. cxb5+ Kxb5 38. Kd4 f6 39. h4 Kc6 40. g4 Kd6 41. Ke4 h6 42. h5 gxh5 43. gxh5 e5 44. Ke3 Kd5 45. Kd2 Kd4 46. Ke2 f5 47. Kd1 e4 48. Ke1 f4 49. Ke2 e3 50. Kf3 Kd3 0-1

[Event "Linhares Espirito Santo-ch"]
[Site "Linhares"]
[Date "2022.03.20"]
[Round "5"]
[White "Almeida, Joao Carlos Gatto D"]
[Black "Ferreira, Andrei Dias"]
[Result "0-1"]
[WhiteElo "1938"]
[BlackElo "1983"]
[PlyCount "70"]
[EventDate "2022.03.18"]
[EventType "swiss"]
[EventRounds "6"]
[EventCountry "BRA"]
[SourceTitle "EXT 2023"]
[Source "ChessBase"]
[SourceDate "2022.10.05"]
[SourceVersion "1"]
[SourceVersionDate "2022.10.05"]
[SourceQuality "1"]

1. c4 e5 2. Nc3 Nf6 3. d3 d5 4. cxd5 Nxd5 5. g3 Nc6 6. Bg2 Nb6 7. Nf3 Be7 8. 0-0 0-0 9. h3 Be6 10. a3 a5 11. Re1 a4 12. Be3 Bb3 13. Qd2 f6 14. Rac1 Na5 15. Bxb6 cxb6 16. Ne4 Bd5 17. Qc3 Nb3 18. Rc2 Rc8 19. Qxc8 Qxc8 20. Rxc8 Rxc8 21. Ned2 Nxd2 22. Nxd2 Bxg2 23. Kxg2 Rc2 24. Nc4 b5 25. Nb6 Bc5 26. Nd7 Bd4 27. e3 Bxb2 28. Rb1 b4 29. Nb6 bxa3 30. Nxa4 a2 31. Rxb2 Rxb2 32. Nxb2 a1Q 33. Nc4 b5 34. Nd6 b4 35. Nc4 b3 0-1

[Event "Linhares Espirito Santo-ch"]
[Site "Linhares"]
[Date "2022.03.19"]
[Round "3"]
[White "Lopes, Marcelo Leite"]
[Black "Ferreira, Andrei Dias"]
[Result "0-1"]
[WhiteElo "1830"]
[BlackElo "1983"]
[PlyCount "101"]
[EventDate "2022.03.18"]
[EventType "swiss"]
[EventRounds "6"]
[EventCountry "BRA"]
[SourceTitle "EXT 2023"]
[Source "ChessBase"]
[SourceDate "2022.10.05"]
[SourceVersion "1"]
[SourceVersionDate "2022.10.05"]
[SourceQuality "1"]

1. e4 c5 2. Nf3 e6 3. d4 cxd4 4. Nxd4 Nc6 5. Nc3 Qc7 6. Nb3 a6 7. Be3 b5 8. Be2 Nf6 9. f3 Ne5 10. a3 Nc4 11. Bxc4 bxc4 12. Nd2 a5 13. Qe2 Ba6 14. 0-0 Rb8 15. Rab1 h5 16. f4 Ng4 17. Kh1 Nxe3 18. Qxe3 Bc5 19. Qf3 d6 20. f5 Bd4 21. fxe6 fxe6 22. Qh3 Qe7 23. Nf3 Bf6 24. Rfd1 g6 25. Qg3 Kf7 26. Qxd6 Qxd6 27. Rxd6 Bxc3 28. Rxa6 Bxb2 29. Rxa5 Bc3 30. Rab5 Rxb5 31. Rxb5 Ra8 32. Ne5+ Bxe5 33. Rxe5 Rxa3 34. Kg1 Rc3 35. Rc5 Kf6 36. Kf2 Rxc2+ 37. Kg3 c3 38. h4 Rc1 39. Rc4 Ke5 40. Rc6 c2 41. Rc4 Kd6 42. Rc3 Ke5 43. Rc4 Rf1 44. Rxc2 Kxe4 45. Rc5 Rf6 46. Rc6 Kf5 47. Kf3 e5 48. Rxf6+ Kxf6 49. Ke4 Ke6 50. Kd3 Kf5 51. Ke3 0-1

[Event "Florianopolis op 8th"]
[Site "Florianopolis"]
[Date "2022.01.30"]
[Round "10"]
[White "Ferreira, Andrei Dias"]
[Black "Vitielo, Alecio Elias"]
[Result "1-0"]
[WhiteElo "1978"]
[BlackElo "1791"]
[PlyCount "106"]
[EventDate "2022.01.24"]
[EventType "swiss"]
[EventRounds "10"]
[EventCountry "BRA"]
[SourceTitle "EXT 2023"]
[Source "ChessBase"]
[SourceDate "2022.10.05"]
[SourceVersion "1"]
[SourceVersionDate "2022.10.05"]
[SourceQuality "1"]

1. e4 d5 2. exd5 Qxd5 3. Nc3 Qd6 4. d4 Nf6 5. Nf3 c6 6. h3 g6 7. Bc4 Be6 8. Bxe6 Qxe6+ 9. Be3 Qc4 10. Ne5 Qa6 11. Nd3 Nbd7 12. 0-0 e6 13. a3 Qa5 14. b4 Qc7 15. Bf4 Qc8 16. Nc5 b6 17. Nxd7 Qxd7 18. Be5 Bg7 19. Qf3 Ke7 20. Ne4 Nxe4 21. Bxg7 Rhg8 22. Qxe4 Rxg7 23. c4 Rd8 24. Rfd1 Qd6 25. d5 c5 26. dxe6 Qxd1+ 27. Rxd1 Rxd1+ 28. Kh2 fxe6 29. Qe5 Rf7 30. bxc5 bxc5 31. Qxc5+ Kf6 32. Qe3 Rdd7 33. f4 Ke7 34. Qc5+ Kf6 35. a4 Kg7 36. Qe5+ Rf6 37. c5 Rd5 38. Qc3 Rd7 39. c6 Rc7 40. g4 Kf7 41. g5 Rf5 42. Qb4 Kg7 43. Qd4+ Kf7 44. Qd6 Re7 45. c7 Rd5 46. Qxe7+ Kxe7 47. c8Q Rd7 48. h4 Kd6 49. Kg3 Rc7 50. Qb8 Kc6 51. Kg4 Kd6 52. h5 gxh5+ 53. Kxh5 Kc6 1-0